000 00494nam a2200169 i 4500
001 41534
003 ES-MaACL
005 20251004063100.0
007 t|
008 030311s1926 sp ||||1| spa d
100 1 _aCasona, Alejandro,
_d1903-1965
_9171490
245 1 3 _aEl peregrino de la barba florida
_b: leyenda milagrosa /
_cAlejandro Casona.
260 _aMadrid :
_b[Caro Raggis],
_c1926.
300 _a112 p. ;
_c18 cm.
852 _aES-MaACL
_jF-259
999 _c41534
_d41534